000 00748nam a2200193Ia 4500
003 GCL
008 140319s9999 xx 000 0 ara d
020 _a6722215977
040 _aGCL /
_cGCL
082 0 4 _a812.009
_bع ا
100 1 _aعبدالمطلب زيد
245 1 0 _aاساليب رسم الشخصية المسرحية :
_bقراءة فى مسرحية مصرع كليوباترا لشوقى /
_cعبدالمطلب زيد
250 _aالاولى
260 _aالقاهرة :
_bدار غريب للطباعة والنشر والتوزيع ،
_c2005
300 _a167 ص ؛
_c24 سم
650 0 4 _aالمسرحيات العربية - مصر
650 0 4 _aالمسرحيات العربية - تاريخ ونقد
942 _2ddc
_cBK
999 _c51469
_d51469